|
|
|
|
| LEADER |
00000nab a2200000 a 4500 |
| 001 |
vtls000188867 |
| 003 |
SK-MaSNL |
| 005 |
20260302205635.0 |
| 008 |
160201c1984 xo 0 slo |
| 015 |
|
|
|a SNBRB19rr/mm-uuuuu
|
| 035 |
|
|
|a CL0198980
|
| 040 |
|
|
|a SNKBUCL
|b slo
|c SNKBUCL
|e AACR2
|
| 041 |
0 |
|
|a slo
|
| 044 |
|
|
|a xo
|c SK
|
| 080 |
|
|
|a 78.071.2:792.5
|2 1981
|
| 080 |
|
|
|a 792.5
|2 1981
|
| 080 |
|
|
|a 929 Domanínska, Libuše
|2 1981
|
| 100 |
1 |
|
|a Jurík, Marián,
|d 1933-1999
|4 aut
|9 114076
|
| 245 |
1 |
0 |
|a Tvorivá spevácka osobnosť
|b Životné jubileum národnej umelkyne L. Domanínskej
|c Marián Jurík
|
| 650 |
0 |
7 |
|a Domanínska, Libuše
|2 snkbucl
|9 931739
|
| 655 |
|
7 |
|a články z novín a časopisov
|2 snkbucl
|9 267496
|
| 773 |
0 |
|
|t Pravda
|g Roč. 65, č. 162 (11. 7. 1984), s. 5
|
| 850 |
|
|
|a Slovenská národná knižnica v Martine
|a MTA001
|
| 852 |
|
|
|a SNK
|b KIS3GCP
|
| 958 |
|
|
|a RK
|
| 958 |
|
|
|a CZ
|
| 992 |
|
|
|a RBX
|
| 999 |
|
|
|c 1478708
|d 1480638
|